|
|
|
|
| LEADER |
01014nam a2200253 a 4500 |
| 001 |
3925045 |
| 008 |
091205s1993 enk b 001 0 eng d |
| 010 |
|
|
|a 92042280
|
| 020 |
|
|
|a 9840511904
|
| 020 |
|
|
|a 1856491692 (Hb)
|
| 020 |
|
|
|a 1856491706 (Pb)
|
| 040 |
|
|
|a DLC
|c DLC
|d DLC
|
| 082 |
0 |
0 |
|a 333.3/1/091724
|2 20
|
| 100 |
1 |
|
|a Sobhan, Rehman.
|
| 245 |
1 |
0 |
|a Agrarian reform and social transformation :
|b preconditions for development /
|c Rehman Sobhan.
|
| 260 |
|
|
|a London ;
|a Atlantic Highlands, N.J. :
|b Zed Books,
|c 1993.
|
| 300 |
|
|
|a 146 p. ;
|c 23 cm.
|
| 504 |
|
|
|a Includes bibliographical references (p. [139]-143) and index.
|
| 541 |
1 |
|
|e 00005098
|
| 650 |
|
0 |
|a Land reform
|z Developing countries.
|
| 650 |
|
0 |
|a Rural development
|z Developing countries.
|
| 852 |
4 |
|
|a Ayesha Abed Library
|j General Shelf.
|
| 999 |
|
|
|c 5990
|d 5990
|
| 952 |
|
|
|0 0
|1 0
|2 ddc
|4 0
|6 333_310917240000000_SOB_1993
|7 0
|9 5976
|a BRACUL
|b BRACUL
|c GEN
|d 2009-12-07
|g 400.00
|l 1
|o 333.31091724 SOB
|p 3010005098
|r 2014-02-17
|s 2014-02-16
|t 1
|v 800.00
|w 2009-12-07
|y BK
|